| 000 | 00717nam a22002177a 4500 | ||
|---|---|---|---|
| 999 |
_c12446 _d12446 |
||
| 003 | AR-CdUCM | ||
| 008 | 190408b ||||| |||| 00| 0 spa d | ||
| 040 |
_aMUNICIPALIDAD PROVINCIAL DEL CUSCO _cBIBLIOTECA MUNICIPAL DEL CUSCO |
||
| 082 |
_23 ed. _a379 / _bM77 |
||
| 100 |
_aMonroe, Paúl _925732 |
||
| 245 | _aHistoria de la pedagogía edad antigua / | ||
| 260 |
_aMadrid : _bCalpe, |
||
| 300 |
_a314 páginas ; _c19 cm. |
||
| 505 | _aContenido : Edad antigua -- Educación primitiva -- Educación oriental -- Educación griega ... | ||
| 650 |
_aHistoria _9136 |
||
| 650 |
_aEducación _9460 |
||
| 650 |
_aAntigua _930293 |
||
| 700 |
_aMaeztu, Maria _930294 |
||
| 942 |
_2ddc _cLIBROS |
||
| 945 |
_arah _d08/04/2019 |
||